| 000 | 00345nam a2200145Ia 4500 | ||
|---|---|---|---|
| 008 | 150201s1999 xx 000 0 und d | ||
| 082 |
_a617.6 _bR1999C |
||
| 100 | _aROBERT G.GRAIG | ||
| 245 | _aRESTORATIVE DENTAL MATERIALS | ||
| 250 | _a8TH | ||
| 260 |
_bAITBS _aDELHI _c1999 |
||
| 300 | _a1-591 | ||
| 650 | _aDENTAL MATERIAL | ||
| 942 |
_2ddc _cBK |
||
| 999 |
_c2565 _d2565 |
||